000
00266nam a2200097Ia 4500
008
120527s9999 xx 000 0 und d
100
_a
UKWU,Lawrence.
245
_a
Realities of ADB operations and future challenges.
260
_b
Bennen&Tokel consultants
942
_c
BK
999
_c
23808
_d
23808